IFM Opac

Charge. (Record no. 13837)

MARC details
000 -LEADER
fixed length control field 00283nam a22001337a 4500
020 ## - INTERNATIONAL STANDARD BOOK NUMBER
International Standard Book Number 0851171303
082 ## - DEWEY DECIMAL CLASSIFICATION NUMBER
Classification number 339SEL.
100 ## - MAIN ENTRY--PERSONAL NAME
Personal name Seldon, A.
245 ## - TITLE STATEMENT
Title Charge.
260 ## - PUBLICATION, DISTRIBUTION, ETC.
Place of publication, distribution, etc. London.
Name of publisher, distributor, etc. Temple Smith.
Date of publication, distribution, etc. 1977.
300 ## - PHYSICAL DESCRIPTION
Extent 224p.
Other physical details 22cm.
500 ## - GENERAL NOTE
General note Includes index.
942 ## - ADDED ENTRY ELEMENTS (KOHA)
Koha item type Books
Holdings
Withdrawn status Lost status Source of classification or shelving scheme Damaged status Not for loan Home library Current library Shelving location Date acquired Full call number Barcode Date last seen Price effective from Koha item type
    Dewey Decimal Classification     IFM Main Campus Library IFM Main Campus Library   11/11/2015 339SEL. 0000015944 11/11/2015 11/11/2015 Books